LIBRARY & INFORMATION CENTRE, KCAET, TAVANUR

ONLINE PUBLIC ACCESS CATALOGUE (OPAC)

Environmental Science and Engineering (For all Undergraduate Engineering Students) (Record no. 14502)

MARC details
000 -LEADER
fixed length control field 00336nam a22001217a 4500
020 ## - INTERNATIONAL STANDARD BOOK NUMBER
ISBN 9788173716089
082 ## - DEWEY DECIMAL CLASSIFICATION NUMBER
Classification number 628.
Item number ALO/EN
100 ## - MAIN ENTRY--AUTHOR NAME
Personal name Aloka Debi
245 ## - TITLE STATEMENT
Title Environmental Science and Engineering (For all Undergraduate Engineering Students)
260 ## - PUBLICATION, DISTRIBUTION, ETC. (IMPRINT)
Place of publication Hyderabad
Name of publisher Universities Press
Year of publication 2008
300 ## - PHYSICAL DESCRIPTION
Number of Pages 210
942 ## - ADDED ENTRY ELEMENTS (KOHA)
Koha item type Books
Holdings
Withdrawn status Lost status Damaged status Collection code Home library Current library Shelving location Date acquired Source of acquisition Cost, normal purchase price Full call number Accession Number Koha item type
        KAUAET KAUAET General Stacks 12/07/2016 Aman Book Stall, Calicut 150.00 628. ALO/EN 24963 Books
free website counter